Sri Lanka Immigration by Country - Statistics

General Stats
  • This quiz has been taken 104 times
  • The average score is 11 of 20
Answer Stats
# People Country of Origin % Correct
14,794 India
97%
2,387 China
82%
799 Pakistan
82%
1,148 United Kingdom
81%
593 United States
79%
649 Bangladesh
75%
819 Japan
73%
890 Malaysia
62%
1,359 Maldives
62%
591 South Korea
61%
1,362 Saudi Arabia
54%
1,880 Myanmar
53%
1,624 United Arab Emirates
53%
610 Iran
52%
592 Singapore
48%
4,970 Italy
42%
1,690 Kuwait
37%
585 Syria
27%
716 Lebanon
16%
680 Kenya
10%
No matching quizzes found
Score Distribution
Percent of People with Each Score
Percentile by Number Answered
Your Score History
You have not taken this quiz